UM Logo
Normal view MARC view
  • Attitude (Psychology).

Entry Topical Term

Number of records used in: 1

001 - CONTROL NUMBER

  • control field: 61141

003 - CONTROL NUMBER IDENTIFIER

  • control field: OSt

005 - DATE AND TIME OF LATEST TRANSACTION

  • control field: 20240916140454.0

008 - FIXED-LENGTH DATA ELEMENTS

  • fixed length control field: 240916|| aca||aabn | a|a d

040 ## - CATALOGING SOURCE

  • Original cataloging agency: OSt
  • Transcribing agency: OSt

150 ## - HEADING--TOPICAL TERM

  • Topical term or geographic name entry element: Attitude (Psychology).

670 ## - SOURCE DATA FOUND

  • Source citation: Work cat.: (OSt)20660: Cusimano, Corey. author. 58358, People judge others to have more voluntary control over beliefs than they themselves do / , November 2020.